Normal view
MARC view
- GROAT, G. H DE
Entry Personal Name
001 - CONTROL NUMBER
- control field: 59413
003 - CONTROL NUMBER IDENTIFIER
- control field: NUST
005 - DATE AND TIME OF LATEST TRANSACTION
- control field: 20210628202334.0
008 - FIXED-LENGTH DATA ELEMENTS
- fixed length control field: 210628|| aca||aabn | a|a d
040 ## - CATALOGING SOURCE
- Original cataloging agency: NUST
- Transcribing agency: NUST
100 ## - HEADING--PERSONAL NAME
- Personal name: GROAT, G. H DE
670 ## - SOURCE DATA FOUND
- Source citation: Work cat.: (NUST): GROAT, G. H DE, TOOLING FOR METAL POWDER PARTS, 1958
